000 00543nmm a2200157Ia 4500
008 251105s9999||||xx |||||||||||||||||und||
041 _aspa
100 _aOspina, Andrés
245 0 _aBogotálogo 3.0 :
_b Usos, desusos y abusos del español hablado en Bogotá
264 _a[Bogotá, Colombia] :
_bInstituto Distrital de Patrimonio Cultural - IDPC,
_c2021
300 _a406 páginas
490 _aPatrimonio cultural
650 _aEncyclopedias & Dictionaries
856 _uhttps://public.digitaliapublishing.com/a/129617
942 _cCF
999 _c100411
_d100411